00647nam a2200217Ia 4500003000900000008004100009040001300050040001300063041000800076100002000084245003600104250001200140260002100152260000900173300000800182490000700190490000600197942000700203999001700210952020200227IT-RoPAU120407s9999 xx 000 0 und d aIT-RoPAU cIT-RoPAU aita aAdolfo L’Arco aLe mani che sollevano il mondo. aCatania aEdizioni Paoline c1958 c cm aSm v1 cBK c23897d23897 00102ddc406243_800000000000000_82371aPAULUSbPAULUSd2012-04-11l0o243.8.823r2012-04-11 00:00:00w2012-04-11yBKzInserito da: Jole In data: 30 luglio 2011 fondo: Via A.Severo 56 Progr:23390